| 000 | 00590nam a2200145Ia 4500 | ||
|---|---|---|---|
| 008 | 140724s9999 xx 000 0 und d | ||
| 050 |
_aRT 90 _b.B352 2011 |
||
| 100 | _aBautista, Biancca Cammile D. | ||
| 245 | 2 |
_aA comparison on the level of job satisfaction of general staff nurses in a public and a private hospital in Las Piñas City based on Herzberg's Theory / _cBiancca Camille D. Bautista. |
|
| 260 |
_aLas Piñas, Philippines : _bSouthville International School and Colleges, _cc2011. |
||
| 300 |
_a96 p. : _bill. ; _c28 cm. |
||
| 521 | _aNursing | ||
| 942 | _cTH | ||
| 999 |
_c228674 _d228674 |
||